[Event "Olympiad Women-44"]
[Site "Chennai"]
[Date "2022.08.06"]
[Round "8.4"]
[White "Onoja, Iyefu Joy"]
[Black "Abeysinghe, HMH Janandani"]
[Result "1/2-1/2"]
[WhiteElo "1869"]
[BlackElo "1516"]
[PlyCount "234"]
[EventDate "2022.07.29"]
[EventType "team-swiss"]
[EventRounds "11"]
[EventCountry "IND"]
[SourceTitle "CBM 210"]
[Source "ChessBase"]
[SourceDate "2022.10.31"]
[SourceVersion "1"]
[SourceVersionDate "2022.10.31"]
[SourceQuality "1"]
[WhiteTeam "Nigeria (W)"]
[BlackTeam "Sri Lanka (W)"]
[WhiteTeamCountry "NGR"]
[BlackTeamCountry "SRI"]

1. d4 Nf6 2. Nc3 g6 3. e4 d6 4. Be3 Bg7 5. f3 Nbd7 6. Be2 a6 7. Qd2 h5 8. h4 b5 9. a3 Bb7 10. Nh3 c5 11. d5 Qa5 12. Kf2 Rc8 13. Ng5 Ne5 14. b3 Nh7 15. Nb1 Qc7 16. Ra2 Nf6 17. g3 Bh6 18. Kg2 Bg7 19. c3 c4 20. b4 0-0 21. a4 Qd7 22. Bd4 Nh7 23. Na3 Nxg5 24. hxg5 e6 25. dxe6 fxe6 26. Bc5 dxc5 27. Qxd7 Nxd7 28. axb5 cxb4 29. Nxc4 Bxc3 30. Nd6 Rc7 31. Bc4 Nc5 32. bxa6 Bc6 33. Ra5 Rd7 34. Rd1 Rfd8 35. e5 Bxe5 36. Rxc5 Bd5 37. Bxd5 exd5 38. Nb7 Ra8 39. Rdxd5 Rxd5 40. Rxd5 Bc3 41. Rd6 b3 42. Rxg6+ Kf7 43. Rb6 b2 44. Nd6+ Kg7 45. Nc4 Rxa6 46. Rb7+ Kg6 47. Kh3 Ra1 48. Nxb2 Rb1 49. Rb6+ Kxg5 50. Nc4 Rxb6 51. Nxb6 Bd2 52. Nc4 Be1 53. Nd6 Kg6 54. Nc4 Kg5 55. Ne3 Bd2 56. Ng2 Kg6 57. Kh2 Ba5 58. Kg1 Bb6+ 59. Kf1 Kg5 60. Nh4 Bc5 61. Kg2 Bb6 62. Kh3 Be3 63. Ng2 Bd2 64. f4+ Kf5 65. Nh4+ Ke4 66. Ng6 Kf5 67. Nh4+ Ke4 68. Ng6 Kf5 69. Ne7+ Ke6 70. Nc6 Kf5 71. Nd4+ Ke4 72. Ne6 Kf5 73. Ng7+ Kg6 74. Ne8 Kf5 75. Nd6+ Ke6 76. Ne4 Be3 77. Kh4 Kf5 78. Nd6+ Kg6 79. Nc4 Bc1 80. Ne5+ Kh6 81. Kh3 Bd2 82. Nf3 Bc1 83. Kg2 Kg6 84. Nh4+ Kf6 85. Kf3 Bd2 86. Ng2 Ba5 87. Ne3 Be1 88. Nc2 Bc3 89. Ke4 Ba5 90. Ne3 Be1 91. Nd5+ Kf7 92. Kf3 Ke6 93. Ne3 Kf6 94. Ng2 Ba5 95. Ke4 Bb6 96. Ne3 Ba5 97. Nd5+ Kf7 98. f5 Be1 99. Kf4 Bd2+ 100. Kf3 Be1 101. Kg2 Bd2 102. Kf3 Be1 103. Nf4 Kf6 104. Nxh5+ Kxf5 105. g4+ Kg5 106. Nf4 Bd2 107. Ne6+ Kf6 108. Nc5 Bh6 109. Ne4+ Kg6 110. Kg3 Bc1 111. Kh4 Bf4 112. Nc5 Bg5+ 113. Kg3 Bc1 114. Nd3 Bh6 115. Ne5+ Kf6 116. Nf3 Kg6 117. Kh4 Bf4 1/2-1/2

[Event "Olympiad Women-44"]
[Site "Chennai"]
[Date "2022.08.05"]
[Round "7.4"]
[White "Norlamo, Sarabella"]
[Black "Onoja, Iyefu Joy"]
[Result "1-0"]
[WhiteElo "1925"]
[BlackElo "1869"]
[PlyCount "123"]
[EventDate "2022.07.29"]
[EventType "team-swiss"]
[EventRounds "11"]
[EventCountry "IND"]
[SourceTitle "CBM 210"]
[Source "ChessBase"]
[SourceDate "2022.10.31"]
[SourceVersion "1"]
[SourceVersionDate "2022.10.31"]
[SourceQuality "1"]
[WhiteTeam "Finland (W)"]
[BlackTeam "Nigeria (W)"]
[WhiteTeamCountry "FIN"]
[BlackTeamCountry "NGR"]

1. d4 d5 2. c4 e6 3. cxd5 exd5 4. Nc3 Nf6 5. Bg5 Be7 6. e3 0-0 7. Bd3 b6 8. Rc1 Bb7 9. Qc2 Nbd7 10. Nge2 c5 11. 0-0 h6 12. Bf4 Nh5 13. Bg3 cxd4 14. Nxd4 Nxg3 15. hxg3 Bc5 16. Qa4 Ne5 17. Bb1 a5 18. Rfd1 Qf6 19. Qb3 Nc4 20. Na4 Rab8 21. Qc2 g6 22. Qe2 Rfe8 23. Qc2 Rec8 24. Qe2 Re8 25. Qc2 Rec8 26. Nc3 Rd8 27. Ncb5 Rd7 28. Qe2 Re7 29. Bd3 Ne5 30. Bc2 Nc6 31. Qg4 Nb4 32. Bb1 Ba6 33. Nc3 Bb7 34. a3 Na6 35. Ncb5 Nc7 36. Nc3 h5 37. Qh4 Qxh4 38. gxh4 Rd8 39. Na4 Bxd4 40. Rxd4 Ne6 41. Rdd1 Rd6 42. Ba2 Ng7 43. Nc3 Re5 44. Nb5 Rd7 45. Rc7 Ree7 46. Rxd7 Rxd7 47. Nc3 d4 48. Na4 Nf5 49. Nxb6 Re7 50. exd4 Nxh4 51. d5 Re2 52. d6 Bc6 53. d7 Bxd7 54. Rxd7 Rxb2 55. Bxf7+ Kf8 56. Nc4 Rb5 57. Ra7 Rg5 58. g3 Nf3+ 59. Kf1 Nh2+ 60. Kg2 Ng4 61. Be6 Nf6 62. Rf7+ 1-0

[Event "Fide Inter Con Cup U18"]
[Site "Tornelo INT"]
[Date "2020.10.10"]
[Round "3"]
[White "Onoja, Iyefu Joy"]
[Black "Schoppen, Casper"]
[Result "0-1"]
[WhiteElo "1768"]
[BlackElo "2291"]
[PlyCount "90"]
[EventDate "2020.10.10"]
[EventType "swiss (rapid)"]
[EventRounds "6"]
[EventCountry "NET"]
[SourceTitle "EXT 2022"]
[Source "ChessBase"]
[SourceDate "2021.10.06"]
[SourceVersion "1"]
[SourceVersionDate "2021.10.06"]
[SourceQuality "1"]

1. d4 Nf6 2. b3 c5 3. c3 d5 4. Nf3 Nc6 5. e3 Qc7 6. Bd3 g6 7. Bb2 Bg7 8. Nbd2 0-0 9. 0-0 e5 10. dxe5 Ng4 11. h3 Ngxe5 12. Nxe5 Nxe5 13. Nf3 Nxd3 14. Qxd3 Rd8 15. Rac1 Bf5 16. Qe2 c4 17. Nd4 Bd3 18. Qf3 Bxf1 19. Rxf1 Qb6 20. b4 a5 21. a3 Bxd4 22. exd4 axb4 23. axb4 Qe6 24. Bc1 Ra1 25. Bh6 Rxf1+ 26. Kxf1 Re8 27. Kg1 f6 28. b5 Kf7 29. Qg3 g5 30. h4 g4 31. Be3 Qf5 32. Qc7+ Re7 33. Qg3 h5 34. Qb8 Kg7 35. Qd8 Qd7 36. Qb8 Qc7 37. Qa8 g3 38. Qa1 Qd7 39. Qd1 Qf5 40. Qf1 Kg6 41. Qa1 Qc2 42. Qe1 Qd3 43. Qc1 Kf7 44. b6 Re6 45. Bf4 Rxb6 0-1

[Event "Online Olym Div3 B"]
[Site "Chess.com INT"]
[Date "2020.08.08"]
[Round "4.1"]
[White "Onoja, Iyefu Joy"]
[Black "Espinosa Cancino, Monica"]
[Result "0-1"]
[WhiteElo "1768"]
[BlackElo "1666"]
[PlyCount "126"]
[EventDate "2020.08.07"]
[EventType "team-tourn (rapid)"]
[EventRounds "9"]
[EventCountry "USA"]
[SourceTitle "CBM 198"]
[Source "ChessBase"]
[SourceDate "2020.10.31"]
[SourceVersion "1"]
[SourceVersionDate "2020.10.31"]
[SourceQuality "1"]
[WhiteTeam "Nigeria"]
[BlackTeam "Scotland"]
[WhiteTeamCountry "NGR"]
[BlackTeamCountry "SCO"]

1. d4 d5 2. b3 Nf6 3. Bb2 e6 4. e3 Bd6 5. Nf3 0-0 6. Bd3 Nbd7 7. 0-0 Re8 8. c4 c6 9. Nbd2 e5 10. dxe5 Nxe5 11. Nxe5 Bxe5 12. Bxe5 Rxe5 13. Nf3 Re7 14. Rc1 Bg4 15. h3 Bh5 16. Be2 dxc4 17. Rxc4 Rd7 18. Nd4 Bg6 19. Qc1 Qe7 20. Rd1 Rad8 21. Rf1 Rd6 22. Qa3 R6d7 23. Qb2 h5 24. a3 Rd5 25. Nf3 Bd3 26. Bxd3 Rxd3 27. Rd4 R3xd4 28. Nxd4 c5 29. Nf5 Qe6 30. Ng3 Rd6 31. Qc3 b6 32. a4 h4 33. Ne2 Nd5 34. Qc4 Nb4 35. Qxh4 Qxb3 36. Qe7 Re6 37. Qxa7 Nc6 38. Qa8+ Kh7 39. Nf4 Rf6 40. Nh5 Rh6 41. Qe8 Qe6 42. Qxe6 Rxe6 43. Nf4 Re4 44. Ra1 Rb4 45. Nd5 Rb2 46. Nc3 Na5 47. Nb5 c4 48. Rc1 Rb4 49. Nc3 Nb7 50. Kf1 Nc5 51. Ke2 Nxa4 52. Nxa4 Rxa4 53. e4 b5 54. Kd2 Ra7 55. Kc3 Re7 56. Kb4 Rxe4 57. Kxb5 Re2 58. Rxc4 Rxf2 59. Rg4 g6 60. Kc4 f5 61. Rg5 Kh6 62. Rg3 Kh5 63. Kd3 Ra2 0-1